000 00688nam a2200289Ia 4500
005 20260324145307.0
008 008 260324s9999 xx 000 0 eng d
020 _a9780429305047
037 _aEBOOK
040 _aCRL
040 _beng
040 _cCRL
041 _2eng
041 _aeng
084 _qCRL
100 _aPaul M. Nachtigal; Paul Nachtigal Director
_91222460
245 0 _aRural Education
245 0 _bIn Search Of A Better Way
260 _bTaylor and Francis
260 _c1983
365 _a
365 _b230
856 _uhttp://www.taylorfrancis.com/books/9780429305047
942 _cEBOOK
999 _c1830152
_d1830152